000 00813nam a22001697a 4500
999 _c58896
_d58896
003 Ge_BSU
005 20221017130508.0
008 221017s1975 ge ||||| |||| 00| 0 geo d
041 _ageo
080 _a316.61 ნ-15
100 _aნადირაშვილი, შ.
_92767
245 _aპიროვნების სოციალური ფსიქოლოგია /
_cშ. ნადირაშვილი რედ.: ვ. ქვაჩახია ; გამოყენებითი სოციოლოგიის კათედრა.
264 _aთბ. :
_bთბილ. უნ-ტის გამ-ბა,
_c1975.
300 _a425 გვ. ;
_b22 სმ.
653 _aპიროვნების სოციალური ფსიქოლოგია
942 _2udc
_cBK